| 000 | 00793cad a22002055a 4500 | ||
|---|---|---|---|
| 001 | E144665 | ||
| 008 | 080805e20080125stk f 000 0 eng | | ||
| 035 | _a(Sirsi) u144665 | ||
| 041 | 0 | _aeng | |
| 110 | 2 |
_aRoyal Institution of Chartered Surveyors _bScotland _93082 |
|
| 245 | 0 | 0 |
_aFirm foundations _bthe future of housing in Scotland _h[electronic resource] |
| 260 |
_aEdinburgh _bRICS Scotland _c2008 |
||
| 300 |
_a7p. _c30cm. |
||
| 490 |
_aPPU/REPORT _v(08)1 |
||
| 520 | _a25 January 2008. Response to the Scottish Government. | ||
| 651 | 4 |
_aScotland _y1999- |
|
| 690 | _aPROPERTY-RESIDENTIAL PROPERTY-DOMESTIC RESIDENTIAL PROPERTY-HOUSING | ||
| 856 | 4 | 1 | _zView the response free of charge at www.rics.org... |
| 942 | _n0 | ||
| 999 |
_c108582 _d108582 |
||